[Event "Offene Hessische Senioren Einzelmeisters"]
[Site "Bad Sooden- Allendorf"]
[Date "2011.05.05"]
[Round "6.1"]
[White "Liebert, Heinz"]
[Black "van den Berg, Ad"]
[Result "1/2-1/2"]
[WhiteElo "2240"]
[BlackElo "2220"]
[PlyCount "63"]
[EventDate "2011.??.??"]

1. c4 e5 2. Nc3 d6 3. g3 Be6 4. Bg2 c6 5. d3 Nf6 6. e4 Be7 7. Nge2 Qd7 8. h3 d5
9. cxd5 cxd5 10. d4 Nxe4 11. dxe5 Nxc3 12. bxc3 Nc6 13. f4 O-O 14. Be3 Rfd8 15.
g4 Bh4+ 16. Bf2 Bxf2+ 17. Kxf2 Qe7 18. Rf1 Qc5+ 19. Kg3 Rac8 20. Rf3 d4 21.
cxd4 Nxd4 22. Nxd4 Rxd4 23. Rd3 Rxd3+ 24. Qxd3 g5 25. Bxb7 gxf4+ 26. Kxf4 Rb8
27. Be4 h6 28. Qe3 Qa5 29. Bf5 $11 Rc8 30. Bxe6 fxe6 31. Re1 Rf8+ 32. Kg3
1/2-1/2

[Event "Offene Hessische Senioren Einzelmeisters"]
[Site "Bad Sooden- Allendorf"]
[Date "2011.05.05"]
[Round "6.2"]
[White "Villing, Dieter"]
[Black "Ljubarskij, Juri"]
[Result "0-1"]
[WhiteElo "2223"]
[BlackElo "2253"]
[PlyCount "90"]
[EventDate "2011.??.??"]

1. d4 d5 2. Nc3 Nf6 3. Bg5 Nbd7 4. f3 h6 5. Bh4 c5 6. e4 cxd4 7. Nxd5 Nxd5 8.
exd5 Qa5+ 9. Qd2 Qxd5 10. Ne2 e5 11. c3 a5 12. cxd4 Bb4 13. Nc3 Qxd4 14. O-O-O
Qxd2+ 15. Rxd2 O-O 16. Bb5 Nb8 17. Re2 Bxc3 18. bxc3 f6 19. Rd1 Nc6 20. Bf2 f5
21. Bb6 Re8 22. Kb2 a4 23. Bc4+ Kh8 24. g4 Na5 25. Bf7 Rf8 26. Bd5 Bd7 27. Bc5
Rfc8 28. Bb4 Bc6 29. Bxa5 Rxa5 30. Bxc6 a3+ 31. Kc2 Rxc6 32. Rb1 Rc7 33. Rd2 h5
34. Rd8+ Kh7 35. Rb8 hxg4 36. fxg4 Ra7 37. Rb4 Kg6 38. h4 Rd7 39. g5 f4 40. Rc8
Ra5 41. Rb6+ Kh5 42. Rh8+ Kg4 43. Rh7 e4 44. h5 f3 45. Rg6 Rxg5 0-1

[Event "Offene Hessische Senioren Einzelmeisters"]
[Site "Bad Sooden- Allendorf"]
[Date "2011.05.05"]
[Round "6.3"]
[White "Baum, Dr. Bernd"]
[Black "Franck, Rudolf"]
[Result "1-0"]
[WhiteElo "2267"]
[BlackElo "2202"]
[PlyCount "73"]
[EventDate "2011.??.??"]

1. Nf3 Nf6 2. g3 d5 3. Bg2 c5 4. O-O Nc6 5. d4 e6 6. c4 dxc4 7. Qa4 Nd7 8. dxc5
Bxc5 9. Qxc4 O-O 10. Nc3 Qe7 11. Ne4 Bd6 12. Bg5 f6 13. Nxd6 Qxd6 14. Bf4 Qe7
15. Nd4 Nxd4 16. Qxd4 e5 17. Qc4+ Kh8 18. Be3 Re8 19. Qa4 Nf8 20. Rac1 Be6 21.
Rfd1 a6 22. Bc5 Qf7 23. b3 Rac8 24. Qb4 b5 25. Qa5 Nd7 26. Bd6 Rxc1 27. Rxc1
Bd5 28. e4 Qe6 29. exd5 Qxd6 30. Rc6 Qf8 31. Rxa6 e4 32. Qxb5 Nc5 33. Rb6 f5
34. d6 Nd3 35. d7 Rd8 36. Re6 g6 37. Re8 1-0

[Event "Offene Hessische Senioren Einzelmeisters"]
[Site "Bad Sooden- Allendorf"]
[Date "2011.05.05"]
[Round "6.4"]
[White "Haselhorst, Helmut"]
[Black "Vogel, Jaap"]
[Result "1/2-1/2"]
[WhiteElo "2119"]
[BlackElo "2216"]
[PlyCount "59"]
[EventDate "2011.??.??"]

1. e4 e6 2. c4 d5 3. cxd5 exd5 4. Qb3 Nf6 5. e5 Ne4 6. Nf3 Nc5 7. Qe3 Ne6 8. d4
c5 9. Bb5+ Bd7 10. Bxd7+ Qxd7 11. dxc5 Bxc5 12. Qe2 Bb4+ 13. Kf1 Nc6 14. h4 Rc8
15. Nbd2 O-O 16. g3 f6 17. exf6 Rxf6 18. Kg2 Rcf8 19. Rf1 Bc5 20. b4 Ned4 21.
Qd1 Bxb4 22. Nxd4 Nxd4 23. Bb2 Bc5 24. Nb1 Rxf2+ 25. Rxf2 Rxf2+ 26. Kxf2 Qf5+
27. Kg2 Nc2 28. Qe2 Ne3+ 29. Kh2 Nf1+ 30. Kg2 1/2-1/2

[Event "Offene Hessische Senioren Einzelmeisters"]
[Site "Bad Sooden- Allendorf"]
[Date "2011.05.05"]
[Round "6.5"]
[White "Haubt, Georg"]
[Black "Holscher, Peter"]
[Result "0-1"]
[WhiteElo "2207"]
[BlackElo "2085"]
[PlyCount "92"]
[EventDate "2011.??.??"]

1. d4 d5 2. Nf3 Nf6 3. Bf4 c6 4. Nbd2 g6 5. h3 Bg7 6. e3 O-O 7. Bd3 Nbd7 8. c4
c5 9. O-O b6 10. Ne5 Bb7 11. Qa4 Nxe5 12. Bxe5 cxd4 13. exd4 dxc4 14. Nxc4 a6
15. Qa3 Nd5 16. Rfe1 Rc8 17. Rad1 Re8 18. Nd2 Bxe5 19. dxe5 b5 20. Ne4 Qb6 21.
Ng5 h6 22. Ne4 Nf4 $11 23. Bb1 Ne6 24. Qg3 Rcd8 25. Rxd8 Qxd8 26. Kh2 Qd4 27.
b3 Kg7 28. h4 Rc8 29. f4 Bxe4 30. Rxe4 Qd1 31. Re1 Qd2 32. Re3 Rc1 33. Bxg6
fxg6 34. f5 Nf8 35. f6+ Kf7 36. Qf3 e6 37. Rd3 Qa5 38. Qa8 Qc7 39. Rd6 Rc5 40.
Kh3 Rxe5 41. Rd3 Rd5 42. Rf3 Rd1 43. g3 Qc1 44. Qa7+ Rd7 45. Qb6 Qh1+ 46. Kg4
e5 0-1

[Event "Offene Hessische Senioren Einzelmeisters"]
[Site "Bad Sooden- Allendorf"]
[Date "2011.05.05"]
[Round "6.6"]
[White "Ghijsen, Pim"]
[Black "Wünsch, Ulrich"]
[Result "1-0"]
[WhiteElo "2194"]
[BlackElo "2142"]
[PlyCount "57"]
[EventDate "2011.??.??"]

1. d4 Nf6 2. Nf3 e6 3. Bf4 c5 4. c3 Be7 5. h3 O-O 6. e3 d6 7. Bd3 cxd4 8. exd4
b6 9. Qe2 Bb7 10. Nbd2 Nbd7 11. O-O Re8 12. Bh2 Nf8 13. Rfe1 Ng6 14. Ng5 Bf8
15. Bb5 Re7 16. Nge4 Nxe4 17. Nxe4 a6 18. Ba4 b5 19. Bb3 Re8 20. Qh5 h6 21. Bg3
d5 22. Nd2 Be7 23. Nf3 Bd6 24. Bc2 Nf8 25. Ne5 Qe7 26. Re3 Nd7 27. Ng4 Bxg3 28.
Nxh6+ Kf8 29. Nf5 1-0

[Event "Offene Hessische Senioren Einzelmeisters"]
[Site "Bad Sooden- Allendorf"]
[Date "2011.05.05"]
[Round "6.8"]
[White "Kripp, Wolfgang"]
[Black "Schumacher, Gottfried"]
[Result "1/2-1/2"]
[WhiteElo "2153"]
[BlackElo "2291"]
[PlyCount "112"]
[EventDate "2011.??.??"]

1. e4 e6 2. d4 d5 3. Nc3 Nf6 4. Bg5 Bb4 5. e5 h6 6. Bd2 Nfd7 7. a3 Be7 8. f4 c5
9. dxc5 Bxc5 10. Nf3 a6 11. Bd3 Nc6 12. Qe2 b5 13. b4 Ba7 14. Nd1 Nb6 15. O-O
Nc4+ 16. Kh1 Qc7 17. c3 Bb7 18. a4 O-O 19. axb5 axb5 20. Ne3 Rfd8 21. Nxc4 dxc4
22. Bc2 Ne7 23. Nh4 Bb6 24. Rxa8 Rxa8 25. Bb1 Qd7 26. f5 exf5 27. Nxf5 Nxf5 28.
Bxf5 Qd5 29. e6 Re8 30. exf7+ Qxf7 31. Qg4 Kh8 32. Qg6 Qxg6 33. Bxg6 Rd8 34. h4
Bd5 35. h5 Kg8 36. Bf4 Rf8 37. Kh2 Rf6 38. Rd1 Bf7 39. Be5 Re6 40. Bxf7+ Kxf7
41. Bf4 Rf6 42. Kg3 Ke6 43. Rd6+ Kf5 44. Rd5+ Ke4 45. Rxb5 g5 46. Bb8 Re6 47.
Kg4 Be3 48. Rf5 Bd2 49. Rf3 Ra6 50. Bc7 Ra3 51. b5 Rb3 52. b6 Bxc3 53. Bd8 Bd4
54. Rxb3 cxb3 55. b7 Be5 56. Bf6 Bb8 1/2-1/2

[Event "Offene Hessische Senioren Einzelmeisters"]
[Site "Bad Sooden- Allendorf"]
[Date "2011.05.05"]
[Round "6.9"]
[White "van Geffen, Ben"]
[Black "Causevic, Ismet"]
[Result "1-0"]
[WhiteElo "2135"]
[BlackElo "1946"]
[PlyCount "107"]
[EventDate "2011.??.??"]

1. e4 c5 2. Nf3 d6 3. d4 cxd4 4. Nxd4 Nf6 5. Nc3 a6 6. Bg5 e6 7. f4 Be7 8. Qf3
Qc7 9. O-O-O h6 10. Bh4 Nc6 11. Nxc6 bxc6 12. e5 dxe5 13. fxe5 Nd5 14. Bxe7
Qxe7 15. Ne4 O-O 16. c4 Nb6 17. Bd3 Nd7 18. Qf4 Rb8 19. Rd2 Qb4 20. Nf6+ Kh8
21. Qe4 g6 22. Qh4 Kg7 23. Nxd7 Bxd7 24. Qf6+ Kg8 25. h4 Qa5 26. h5 Qd8 27.
Qxd8 Rbxd8 28. hxg6 fxg6 29. Rxh6 Be8 30. Rh4 c5 31. Be4 Rxd2 32. Kxd2 Rf2+ 33.
Kc3 a5 34. a3 a4 35. b4 axb3 36. Kxb3 Re2 37. Bf3 Rxe5 38. Re4 Rxe4 39. Bxe4
Kf8 40. a4 Ke7 41. a5 Kd6 42. a6 Bc6 43. Bf3 Bxf3 44. gxf3 Kc6 45. Ka4 g5 46.
a7 Kb7 47. a8=Q+ Kxa8 48. Kb5 e5 49. Kxc5 e4 50. fxe4 g4 51. Kd4 Kb7 52. Ke3
Kc6 53. Kf4 Kc5 54. e5 1-0

[Event "Offene Hessische Senioren Einzelmeisters"]
[Site "Bad Sooden- Allendorf"]
[Date "2011.05.05"]
[Round "6.10"]
[White "Schmidt, Gerhard"]
[Black "Oud, Niek"]
[Result "0-1"]
[WhiteElo "2233"]
[BlackElo "2023"]
[PlyCount "111"]
[EventDate "2011.??.??"]

1. d4 d5 2. Nf3 Nf6 3. c4 e6 4. Nc3 Be7 5. Bg5 O-O 6. e3 h6 7. Bh4 Nbd7 8. Rc1
c6 9. Bd3 dxc4 10. Bxc4 Nd5 11. Bg3 b5 12. Bd3 Nxc3 13. bxc3 a6 14. Bb1 g6 15.
Qd3 Kg7 16. h4 Rh8 17. h5 g5 18. Ne5 Nxe5 19. Bxe5+ Bf6 20. f4 c5 21. O-O Bb7
22. Bxf6+ Qxf6 23. f5 Rae8 24. fxe6 Qxe6 25. Rce1 Be4 26. Qxe4 Qxe4 27. Bxe4
Rxe4 28. Rf5 cxd4 29. cxd4 Rhe8 30. Kf2 Rh4 31. Rc1 Rxh5 32. Rc7 Rf8 33. Ra7
Rh1 34. Rxa6 Rb1 35. Kf3 Re8 36. g4 Rf1+ 37. Ke2 Rxf5 38. gxf5 g4 39. Kf2 b4
40. Rb6 g3+ 41. Kxg3 Rxe3+ 42. Kf4 Ra3 43. Rxb4 Rxa2 44. d5 Rd2 45. Ke5 Re2+
46. Re4 f6+ 47. Kd4 Rxe4+ 48. Kxe4 Kf7 49. Kf4 Ke7 50. Kg4 Kd6 51. Kh5 Kxd5 52.
Kxh6 Ke4 53. Kh5 Kxf5 54. Kh4 Kf4 55. Kh3 Kf3 56. Kh2 0-1

[Event "Offene Hessische Senioren Einzelmeisters"]
[Site "Bad Sooden- Allendorf"]
[Date "2011.05.05"]
[Round "6.11"]
[White "Blab, Ludwig"]
[Black "Jongsma, Lex"]
[Result "0-1"]
[WhiteElo "2146"]
[BlackElo "2196"]
[PlyCount "94"]
[EventDate "2011.??.??"]

1. c4 Nf6 2. Nc3 Nc6 3. g3 d5 4. cxd5 Nxd5 5. Bg2 Nb6 6. Nf3 g6 7. d4 Bg7 8. e3
O-O 9. O-O h6 10. b3 Be6 11. Bb2 Qc8 12. Re1 Bh3 13. Bh1 Rd8 14. Qc1 Nb4 15.
Qb1 Bf5 16. e4 Bg4 17. a3 Nc6 18. d5 Bxf3 19. Bxf3 Nd4 20. Bd1 e6 21. dxe6 Qxe6
22. Qa2 a5 23. Re3 c5 24. a4 c4 25. Nb5 Nxb5 26. Bxg7 Kxg7 27. axb5 Qe5 28. Rc1
c3 29. Qa1 Qxb5 30. Rexc3 Kh7 31. Qa2 Rd7 32. Bg4 Re7 33. Bf3 Rd8 34. Rc5 Qb4
35. R1c3 a4 36. Qc2 a3 37. h4 Red7 38. Qb1 Rd2 39. h5 a2 40. hxg6+ Kxg6 41. Qc1
Qd4 42. Bh5+ Kg7 43. Rf5 Rd1+ 44. Bxd1 Qxd1+ 45. Kg2 a1=Q 46. Rxf7+ Kxf7 47.
Qf4+ Kg8 0-1

[Event "Offene Hessische Senioren Einzelmeisters"]
[Site "Bad Sooden- Allendorf"]
[Date "2011.05.05"]
[Round "6.12"]
[White "Knaak, Joachim"]
[Black "Arp, Frans"]
[Result "1-0"]
[WhiteElo "2190"]
[BlackElo "2101"]
[PlyCount "105"]
[EventDate "2011.??.??"]

1. d4 Nf6 2. c4 g6 3. Nc3 Bg7 4. e4 d6 5. f3 O-O 6. Be3 Na6 7. Nge2 c5 8. d5 e6
9. dxe6 Bxe6 10. Nf4 Nc7 11. Qd2 Qe7 12. Be2 Rfd8 13. O-O a6 14. Rab1 b5 15.
Nxe6 fxe6 16. cxb5 axb5 17. Nxb5 Nxb5 18. Bxb5 d5 19. e5 Ne8 20. Bg5 Qb7 21.
Bxd8 Qxb5 22. Bh4 Bxe5 23. b3 Ng7 24. Bf2 Nf5 25. Rfe1 Qb8 26. g3 Nd4 27. Kg2
Qd6 28. b4 Rf8 29. bxc5 Nxf3 30. cxd6 Nxd2 31. Rxe5 Nxb1 32. Rxe6 Nd2 33. d7
Kf7 34. Rd6 Rd8 35. Rxd5 Nc4 36. Bc5 Ke6 37. Rd4 Ne3+ 38. Kf3 Nf5 39. Rd2 Rxd7
40. Rxd7 Kxd7 41. Kf4 h6 42. Ke5 h5 43. Kf6 h4 44. g4 Nh6 45. Kg5 Nf7+ 46. Kxg6
Ne5+ 47. Kh5 Nf3 48. h3 Ke6 49. Bf2 Kd5 50. g5 Ke6 51. a4 Kf5 52. Bxh4 Ng1 53.
g6 1-0

[Event "Offene Hessische Senioren Einzelmeisters"]
[Site "Bad Sooden- Allendorf"]
[Date "2011.05.05"]
[Round "6.13"]
[White "Hobusch, Werner"]
[Black "Lenk, Wolfgang"]
[Result "1-0"]
[WhiteElo "2150"]
[BlackElo "2238"]
[PlyCount "79"]
[EventDate "2011.??.??"]

1. e4 d6 2. d4 Nf6 3. Bd3 g6 4. f4 Bg7 5. Nf3 O-O 6. O-O c5 7. dxc5 dxc5 8. e5
Ng4 9. Nc3 Nc6 10. Be4 Nd4 11. h3 Nh6 12. Be3 Nhf5 13. Bxf5 Bxf5 14. Bxd4 cxd4
15. Nxd4 Qb6 16. Nd5 Qc5 17. Ne3 f6 18. Nexf5 gxf5 19. e6 b5 20. Qd3 Rfd8 21.
Rad1 Rd5 22. c3 Rad8 23. a3 a5 24. b4 axb4 25. axb4 Qb6 26. Kh1 R8d6 27. Qf3
Qd8 28. Ra1 Bf8 29. Qh5 Kh8 30. Ra5 Rxd4 31. cxd4 Rxe6 32. Qxf5 Re3 33. Rxb5 e6
34. Qh5 Rg3 35. Rb7 Bg7 36. Qb5 Qg8 37. Rb8 Bf8 38. Qe8 Kg7 39. Rc1 Rxg2 40.
Kxg2 1-0

[Event "Offene Hessische Senioren Einzelmeisters"]
[Site "Bad Sooden- Allendorf"]
[Date "2011.05.05"]
[Round "6.14"]
[White "Just, Fred"]
[Black "Thieme, Hans"]
[Result "1-0"]
[WhiteElo "2198"]
[BlackElo "2101"]
[PlyCount "131"]
[EventDate "2011.??.??"]

1. d4 Nf6 2. Nf3 e6 3. c4 c5 4. e3 b6 5. Nc3 a6 6. a3 Bb7 7. Be2 d6 8. O-O Be7
9. b4 Nbd7 10. Rb1 Ne4 11. Bd2 Nxc3 12. Bxc3 Be4 13. Rb2 Bf6 14. Nd2 Bc6 15.
Bf3 Qc7 16. Ne4 cxd4 17. exd4 Bxe4 18. Bxe4 Rc8 19. Rc2 O-O 20. Ba1 Qa7 21. Bd3
Nb8 22. Qe2 g6 23. Rd1 Bg7 24. h4 Qe7 25. h5 Qg5 26. hxg6 hxg6 27. c5 dxc5 28.
bxc5 b5 29. Be4 Nc6 30. Qf3 Ne7 31. Bb7 Rc7 32. Bxa6 Nf5 33. Bxb5 Bf6 34. Be2
Kg7 35. Qg4 Qh6 36. Qh3 Qg5 37. Bg4 Rh8 38. Qf3 Rh4 39. Bh3 Nxd4 40. Bxd4 Rxd4
41. Rxd4 Bxd4 42. c6 Qe5 43. g3 Rc8 44. Re2 Qc5 45. Rd2 Bf6 46. Bg2 Qc1+ 47.
Rd1 Qc2 48. Qd3 Qc5 49. Qb3 Be5 50. Qe3 Qa5 51. Rd7 Qb5 52. Bf3 Qb1+ 53. Kg2
Qa1 54. Rd1 Qb2 55. a4 Bf6 56. a5 Qb5 57. Qb6 Qf5 58. c7 Be5 59. Qb7 Rh8 60.
Qc6 Qh3+ 61. Kg1 Bxg3 62. fxg3 Qxg3+ 63. Kf1 Rh2 64. Bg2 Qf4+ 65. Qf3 Qc4+ 66.
Kg1 1-0

[Event "Offene Hessische Senioren Einzelmeisters"]
[Site "Bad Sooden- Allendorf"]
[Date "2011.05.05"]
[Round "6.15"]
[White "Noble, Alexander"]
[Black "Rüberg, Jobst"]
[Result "0-1"]
[WhiteElo "2045"]
[BlackElo "2143"]
[PlyCount "68"]
[EventDate "2011.??.??"]

1. d4 Nf6 2. e3 e6 3. Bd3 c5 4. c3 b6 5. Qe2 Qc7 6. f4 cxd4 7. exd4 Bd6 8. Nh3
Bb7 9. O-O Nc6 10. Nd2 h6 11. Nc4 O-O-O 12. Nxd6+ Qxd6 13. a4 Nd5 14. Bd2 a5
15. Rae1 f5 16. Rf3 Rdg8 17. Rg3 g6 18. Bb5 Nf6 19. Nf2 g5 20. Nd3 Ne4 21. Re3
gxf4 22. Rxe4 f3 23. Qxf3 fxe4 24. Qxe4 Nb8 25. Bf4 Bxe4 26. Bxd6 Bxg2 27. Bg3
Bb7 28. Ne5 Rh7 29. Bd3 Rhg7 30. Nc4 Rxg3+ 31. hxg3 Rxg3+ 32. Kf1 Rxd3 33.
Nxb6+ Kc7 34. Nc4 Ba6 0-1

[Event "Offene Hessische Senioren Einzelmeisters"]
[Site "Bad Sooden- Allendorf"]
[Date "2011.05.05"]
[Round "6.16"]
[White "Achenbach, Manfred"]
[Black "Kahn, Peter"]
[Result "1/2-1/2"]
[WhiteElo "2160"]
[BlackElo "2083"]
[PlyCount "63"]
[EventDate "2011.??.??"]

1. Nf3 d5 2. c4 c6 3. g3 Nf6 4. Bg2 Bg4 5. cxd5 cxd5 6. Ne5 Bf5 7. O-O e6 8.
Nc3 Bd6 9. d4 O-O 10. Qb3 Nc6 11. Nxc6 bxc6 12. Qa4 Qb6 13. Bg5 Rfc8 14. Bxf6
gxf6 15. e4 Bg6 16. Rac1 Qxb2 17. Qa6 Qb6 18. Qd3 Rab8 19. h4 e5 20. h5 Bxh5
21. dxe5 Bxe5 22. exd5 Bg6 23. Qf3 cxd5 24. Nxd5 Qd6 25. Qe3 a5 26. Qa7 Kg7 27.
Qxa5 Bd3 28. Ne3 Bd4 29. Rxc8 Rxc8 30. Nf5+ Bxf5 31. Qxf5 Rc5 32. Qf3 1/2-1/2

[Event "Offene Hessische Senioren Einzelmeisters"]
[Site "Bad Sooden- Allendorf"]
[Date "2011.05.05"]
[Round "6.17"]
[White "Weyrauch, Erich"]
[Black "Romanow, Werner"]
[Result "1/2-1/2"]
[WhiteElo "2184"]
[BlackElo "2097"]
[PlyCount "73"]
[EventDate "2011.??.??"]

1. e4 d5 2. exd5 Qxd5 3. c4 Qe4+ 4. Ne2 Qxc4 5. Nbc3 c6 6. d4 Nf6 7. Bd2 Nbd7
8. Qc2 e6 9. b3 Qa6 10. g3 Qb6 11. Bg2 Bd6 12. O-O O-O 13. Rad1 Qc7 14. Rfe1
Nb6 15. Bg5 Nfd5 16. Nxd5 Nxd5 17. Rc1 h6 18. Bd2 Bd7 19. f4 f5 20. Qd3 Qd8 21.
Rc2 Qf6 22. h4 Nb4 23. Bxb4 Bxb4 24. Rd1 Rac8 25. a3 Bd6 26. b4 Rb8 27. Bf3 Kh8
28. Kf2 Be8 29. Rb1 Qe7 30. Qe3 a6 31. Re1 Qf6 32. Nc1 Bf7 33. Nd3 Rbd8 34. Rd1
Qe7 35. Ne5 Bxe5 36. Qxe5 Rfe8 37. Ke3 1/2-1/2

[Event "Offene Hessische Senioren Einzelmeisters"]
[Site "Bad Sooden- Allendorf"]
[Date "2011.05.05"]
[Round "6.18"]
[White "Oldach, Ehrenfried"]
[Black "Lang, Ferdinand"]
[Result "0-1"]
[WhiteElo "2033"]
[BlackElo "2125"]
[PlyCount "82"]
[EventDate "2011.??.??"]

1. e4 e5 2. Nf3 Nc6 3. Bb5 a6 4. Ba4 Nf6 5. Qe2 b5 6. Bb3 Be7 7. a4 b4 8. O-O
d6 9. Qc4 Qd7 10. Qxf7+ Kd8 11. Qc4 a5 12. Ng5 Rf8 13. Ne6+ Ke8 14. Nxf8 Bxf8
15. Re1 Nd4 16. Qd3 Qg4 17. Qg3 Ne2+ 18. Rxe2 Qxe2 19. Qd3 Qxd3 20. cxd3 Ba6
21. Bc4 Nd7 22. b3 Nc5 23. d4 Bxc4 24. dxc5 Bxb3 25. Bb2 Kd7 26. cxd6 Bxd6 27.
d4 exd4 28. Nd2 Be6 29. Bxd4 c5 30. Bxg7 Rg8 31. Bf6 Bf4 32. Rd1 Kc6 33. g3 c4
34. Kf1 Bxd2 35. Rxd2 c3 36. Bxc3 bxc3 37. Rc2 Kc5 38. Rxc3+ Bc4+ 39. Ke1 Rb8
40. e5 Kd4 41. Re3 Re8 0-1

[Event "Offene Hessische Senioren Einzelmeisters"]
[Site "Bad Sooden- Allendorf"]
[Date "2011.05.05"]
[Round "6.19"]
[White "Niebling, Ferdinand"]
[Black "Schlachetka, Werner"]
[Result "1-0"]
[WhiteElo "2189"]
[BlackElo "2091"]
[PlyCount "132"]
[EventDate "2011.??.??"]

1. d4 g6 2. c4 Bg7 3. Nc3 c5 4. Nf3 cxd4 5. Nxd4 Nc6 6. Nc2 Bxc3+ 7. bxc3 Qa5
8. Qd2 f5 9. e3 Nf6 10. f3 d6 11. Be2 Be6 12. Nd4 Bf7 13. Rb1 Qc7 14. Qb2 b6
15. c5 Nxd4 16. cxd6 Qxd6 17. cxd4 O-O 18. Bd2 Rac8 19. O-O Qe6 20. a4 Qa2 21.
Qxa2 Bxa2 22. Rbc1 Bb3 23. a5 bxa5 24. Bxa5 Nd5 25. Ba6 Rb8 26. Kf2 Rf6 27. Be2
Ba2 28. Rc2 Bb1 29. Rc5 e6 30. Rb5 Rxb5 31. Bxb5 Bc2 32. Rc1 a6 33. Bd7 Bb3 34.
Bd8 Rf8 35. Bxe6+ Kg7 36. Bc7 Re8 37. Be5+ Kh6 38. Bd7 Rd8 39. Be6 Nb4 40. Rc8
Rxc8 41. Bxc8 a5 42. Bd6 Nc2 43. Bf8+ Kg5 44. Bg7 a4 45. f4+ Kh5 46. Ba6 g5 47.
Bd3 gxf4 48. exf4 Nb4 49. Bxf5 Bd5 50. Bf8 Nc6 51. Ke3 Na5 52. g4+ Kh4 53. Be7+
Kh3 54. g5+ Kxh2 55. Bxh7 Nc4+ 56. Kd3 Kg3 57. f5 Kf4 58. f6 a3 59. Bxa3 Kxg5
60. Be7 Kh6 61. Be4 Bf7 62. d5 Ne5+ 63. Kd4 Nd7 64. Bf5 Nxf6 65. Bxf6 Bxd5 66.
Kxd5 Kh5 1-0

[Event "Offene Hessische Senioren Einzelmeisters"]
[Site "Bad Sooden- Allendorf"]
[Date "2011.05.05"]
[Round "6.20"]
[White "Bendisch, Dr. Jürgen"]
[Black "Stimpel, Franz"]
[Result "0-1"]
[WhiteElo "1963"]
[BlackElo "2189"]
[PlyCount "66"]
[EventDate "2011.??.??"]

1. d4 Nf6 2. Nf3 d6 3. Bf4 Nbd7 4. c3 Nh5 5. Bg3 g6 6. e3 Bg7 7. Bd3 O-O 8.
Nbd2 Nxg3 9. hxg3 e5 10. dxe5 dxe5 11. Qc2 Nc5 12. Be2 a5 13. Rd1 Qe7 14. e4 a4
15. O-O Be6 16. Bc4 Bxc4 17. Nxc4 Qe6 18. Rd5 b6 19. Ne3 c6 20. Rdd1 Qxa2 21.
Ra1 Qb3 22. Nd2 Qxc2 23. Nxc2 Rfd8 24. Rfd1 b5 25. Nb4 Rd6 26. Nf3 Rad8 27. Re1
f6 28. Kf1 Bf8 29. Re2 Kf7 30. Ke1 Nb3 31. Rb1 Ke6 32. g4 Bh6 33. g3 Nc1 0-1

[Event "Offene Hessische Senioren Einzelmeisters"]
[Site "Bad Sooden- Allendorf"]
[Date "2011.05.05"]
[Round "6.21"]
[White "Gunnarson, Leif"]
[Black "Lindner, Jan-Joost"]
[Result "0-1"]
[WhiteElo "1745"]
[BlackElo "2155"]
[PlyCount "61"]
[EventDate "2011.??.??"]

1. e4 e6 2. d3 b5 3. Be3 Bb7 4. Nf3 Nf6 5. Nbd2 d5 6. e5 Nfd7 7. d4 b4 8. Be2
c5 9. c3 Nc6 10. O-O Be7 11. Ne1 g6 12. f4 h5 13. Bd3 Qb6 14. Nef3 Ba6 15. Qe2
Bxd3 16. Qxd3 c4 17. Qe2 bxc3 18. bxc3 Qa5 19. Rfc1 Rb8 20. Rc2 Nb6 21. a4 Kd7
22. Nb1 Nxa4 23. Qe1 Qb5 24. Nfd2 Nb2 25. Qf1 a5 26. Nf3 Qb3 27. Qe2 Nd3 28. h4
a4 29. Rca2 Rhg8 30. Qc2 Qxc2 31. Rxc2 0-1

[Event "Offene Hessische Senioren Einzelmeisters"]
[Site "Bad Sooden- Allendorf"]
[Date "2011.05.05"]
[Round "6.22"]
[White "Just, Joachim"]
[Black "Biller, Dr. Helmut"]
[Result "1/2-1/2"]
[WhiteElo "2032"]
[BlackElo "2139"]
[PlyCount "59"]
[EventDate "2011.??.??"]

1. c4 e5 2. g3 Nc6 3. Bg2 Nf6 4. Nc3 g6 5. d3 Bg7 6. e3 d6 7. Nge2 O-O 8. O-O
Be6 9. Nd5 Qd7 10. Nec3 Nd8 11. Bd2 c6 12. Nxf6+ Bxf6 13. e4 Bg7 14. Qc1 f5 15.
f4 Nf7 16. Be3 fxe4 17. Nxe4 b6 18. Qd2 $11 d5 19. cxd5 cxd5 20. Ng5 Nxg5 21.
fxg5 Rxf1+ 22. Rxf1 Rf8 23. b3 Rxf1+ 24. Bxf1 Qc7 25. Qc1 Qxc1 26. Bxc1 Bf5 27.
Bg2 e4 28. Kf2 exd3 29. Bxd5+ Kh8 30. Bd2 1/2-1/2

[Event "Offene Hessische Senioren Einzelmeisters"]
[Site "Bad Sooden- Allendorf"]
[Date "2011.05.05"]
[Round "6.23"]
[White "Kneschke, Hansjürgen"]
[Black "Kopp, Dr. Peter"]
[Result "1/2-1/2"]
[WhiteElo "1871"]
[BlackElo "2126"]
[PlyCount "120"]
[EventDate "2011.??.??"]

1. e4 c6 2. Nc3 d5 3. d4 dxe4 4. Nxe4 Nd7 5. Nf3 Ngf6 6. Nxf6+ Nxf6 7. Bd3 Bg4
8. c3 e6 9. h3 Bxf3 10. Qxf3 Be7 11. O-O O-O 12. Bg5 Qb6 13. Qe2 Rad8 14. Rad1
Qa5 15. Bxf6 Bxf6 16. Bb1 Rd5 17. Rfe1 Rfd8 18. b4 Qc7 19. Qe4 g6 20. Qf3 Bg7
21. Be4 R5d6 22. Bc2 b6 23. Bb3 Qe7 24. g3 Qg5 25. h4 Qb5 26. a4 Qa6 27. Qg2
Qb7 28. Qf3 Qc7 29. Kg2 a5 30. bxa5 bxa5 31. Bc4 c5 32. d5 exd5 33. Rxd5 Rxd5
34. Bxd5 Qd7 35. Rd1 Rf8 36. Bc6 Qe6 37. Bd5 Qe5 38. c4 Qb8 39. Re1 Qd8 40. Rb1
Bd4 41. Rb7 Qf6 42. Qxf6 Bxf6 43. Rb5 Bd8 44. Rxc5 Kg7 45. Rb5 Re8 46. Rb7 Re7
47. c5 Rxb7 48. Bxb7 Kf6 49. Bd5 Ke7 50. Kf3 h6 51. Ke4 Bc7 52. Bc4 f5+ 53. Kd5
f4 54. g4 g5 55. h5 Bb8 56. Bd3 Bc7 57. f3 Bb8 58. Bf5 Bc7 59. Bc8 Bb8 60. Ba6
Bc7 1/2-1/2

[Event "Offene Hessische Senioren Einzelmeisters"]
[Site "Bad Sooden- Allendorf"]
[Date "2011.05.05"]
[Round "6.24"]
[White "Gousseinov, Aguif"]
[Black "Kempen, Willi"]
[Result "1/2-1/2"]
[WhiteElo "1979"]
[BlackElo "2046"]
[PlyCount "46"]
[EventDate "2011.??.??"]

1. e4 e5 2. Nf3 Nc6 3. Bc4 Nf6 4. Ng5 d5 5. exd5 b5 6. Bf1 Qxd5 7. Nc3 Qd7 8.
Bxb5 h6 9. Nf3 Bd6 10. O-O O-O 11. d4 exd4 12. Bxc6 Qxc6 13. Nxd4 Qd7 14. Re1
Bb7 15. Be3 Rad8 16. Qe2 Rfe8 17. Qb5 c6 18. Qf5 Qc7 19. h3 Bh2+ 20. Kh1 Re5
21. Qf3 c5 22. Ndb5 Qb8 23. Qe2 Rde8 1/2-1/2

[Event "Offene Hessische Senioren Einzelmeisters"]
[Site "Bad Sooden- Allendorf"]
[Date "2011.05.05"]
[Round "6.25"]
[White "Kühn, Peter"]
[Black "Hunold, Rolf"]
[Result "0-1"]
[WhiteElo "1993"]
[BlackElo "2122"]
[PlyCount "86"]
[EventDate "2011.??.??"]

1. e4 c5 2. Nf3 e6 3. d4 cxd4 4. Nxd4 a6 5. c4 Nf6 6. Bd3 Qc7 7. Nc3 d6 8. O-O
Nbd7 9. Be3 Be7 10. Rc1 b6 11. f4 Nc5 12. Bb1 Qb7 13. Qf3 g6 14. b4 Ncd7 15. b5
Nc5 16. Nc6 axb5 17. Nxe7 Kxe7 18. e5 dxe5 19. fxe5 Qxf3 20. Rxf3 Nfd7 21. Bg5+
Kf8 22. Bh6+ Ke7 23. Bg5+ Kf8 24. Bf6 Nxf6 25. exf6 Bb7 26. Re3 bxc4 27. Ne4
Bd5 28. Nxc5 bxc5 29. Rd1 h5 30. Re5 Kg8 31. h4 Kh7 32. Rxh5+ Kg8 33. Rxh8+
Kxh8 34. Kf2 Ra5 35. h5 gxh5 36. Rh1 Kg8 37. Rxh5 c3 38. Rg5+ Kf8 39. Rh5 Ke8
40. Rh3 c2 41. Bxc2 Rxa2 42. Rc3 Be4 43. Rxc5 Rxc2+ 0-1

[Event "Offene Hessische Senioren Einzelmeisters"]
[Site "Bad Sooden- Allendorf"]
[Date "2011.05.05"]
[Round "6.26"]
[White "Klein, Klaus"]
[Black "Geisensetter, Franz"]
[Result "1/2-1/2"]
[WhiteElo "2057"]
[BlackElo "2082"]
[PlyCount "38"]
[EventDate "2011.??.??"]

1. e4 d5 2. exd5 Nf6 3. d4 Qxd5 4. Nc3 Qa5 5. Nf3 g6 6. Bd3 Bg7 7. O-O O-O 8.
Re1 Re8 9. Ne4 c6 10. Nxf6+ Bxf6 11. c3 Bf5 12. Ne5 Bxd3 13. Qxd3 Qd8 14. Qc2
Nd7 15. Qb3 e6 16. Bf4 Qc8 17. Nxd7 Qxd7 18. Be5 Bg7 19. Bxg7 Kxg7 1/2-1/2

[Event "Offene Hessische Senioren Einzelmeisters"]
[Site "Bad Sooden- Allendorf"]
[Date "2011.05.05"]
[Round "6.27"]
[White "Schnaitmann, Herbert"]
[Black "Krebs, Dietmar"]
[Result "1/2-1/2"]
[WhiteElo "2044"]
[BlackElo "2118"]
[PlyCount "41"]
[EventDate "2011.??.??"]

1. d4 Nf6 2. Nf3 g6 3. b3 Bg7 4. Bb2 O-O 5. e3 c5 6. Nbd2 cxd4 7. exd4 d5 8.
Bd3 Nc6 9. a3 Bg4 10. h3 Bxf3 11. Nxf3 Ne4 12. O-O Rc8 13. c3 e5 14. Rc1 Nxc3
15. Bxc3 e4 16. Be2 exf3 17. Bxf3 Nxd4 18. Bxd4 Rxc1 19. Qxc1 Bxd4 20. Qd2 Qb6
21. Bxd5 1/2-1/2